000 01453nam0a2200385 4500
001 RU\NLR\bibl\422911
005 20250622174149.0
010 _a5-17-015658-8
_bВ пер.
_95000
021 _aRU
_b2003-28888
_91353
035 _a(NLR Aleph) 000416825
090 _a669815
_c669815
100 _a20030717d2003 |||y0rusy50 ca
101 1 _arus
_cspa
102 _aRU
105 _ay |||||||||
200 1 _aСвятая Эвита
_eРоман
_fТомас Элой Мартинес
_g[Пер. с исп. Е.М. Лысенко]
210 _aМ.
_cАСТ
_d2003
215 _a410, [1] с.
_d21
225 1 _aМастера. Современная проза
600 1 _aПерон
_bЭ. де
_f1919 - 1952
_gЭвита де
_xв художественной литературе
_92300021
_3RU\NLR\auth\661377074
610 0 _aПрезидент (глава государства) Аргентины, 20 в. (х. л.)
610 0 _aЖенщина в Аргентине (х. л.)
610 0 _aАргентина, 20 в. (х. л.)
675 _a821.134.2(7/8)-31Мартинес
_v3
_zrus
686 _a17.82
_2rugasnti
686 _a84(7Арг)-44
_2rubbk
686 _aШ6(7А)07-4{Лх1710}
700 1 _aМартинес
_bТ. Э.
_gТомас Элой
_4070
801 0 _aRU
_bRKP
_c20030717
_gPSBO
801 1 _aRU
_bRKP
_c20030717
801 2 _aRU
_bNLR
_c20030904
_grcr
942 _cBOOK
980 _aNB